000 00955nam a2200241 a 4500
001 56835
003 BD-RjUL
005 20211209080434.0
008 161204s2006 bg ||||| |||| 00| 0 ben d
020 _a9848420142
_c: TK 170.00
035 _a(BD-RjUL)56959
040 _aBD-RjUL
_bben
_cBD-RjUL
041 _aben
082 _223
_a297.61
_bMAT 2006
100 _aমাবুদ, মুহাম্মদ আবদুল
_9168992
245 1 0 _aতাবি'ঈদের জীবনকথা /
_cমুহাম্মদ আবদুল মাবুদ
260 _aঢাকা :
_bবাংলাদেশ ইসলামিক সেন্টার,
_c২০০৬
300 _a খণ্ড. ;
_c২১সেমি.
505 _aখণ্ড ২, উমার ইবন আবদিল আযীয (রহ) --
650 _aইসলামিক নেতা
_9168993
650 _aIslamic Leader
_9168994
942 _2ddc
_cBK
999 _c56835
_d56835